| 000 | 00694nam a2200193Ia 4500 | ||
|---|---|---|---|
| 003 | GCL | ||
| 008 | 140319s9999 xx 000 0 ara d | ||
| 040 |
_aGCL / _cGCL |
||
| 082 | 0 | 4 |
_a819 _bث ت |
| 100 | 1 | _aعبدالفتاح محمد الحلو | |
| 245 | 1 | 0 |
_aالتمثيل والمحاضرة / _cعبدالفتاح محمد الحلو |
| 700 | 1 | _aالثعالبى : ابومنصور عبدالملك بن محمد بن اسماعيل النيسابورى | |
| 300 | _a614 ص | ||
| 490 |
_aالهيئة العامة للاستعلامات _v0 |
||
| 650 | 0 | 4 | _aالادب العربى |
| 650 | 0 | 4 | _aالبلاغة العربية |
| 650 | 0 | 4 | _aالبيان العربى |
| 942 |
_2ddc _cBK |
||
| 999 |
_c49251 _d49251 |
||